Open Data Biblioteca Nacional de Portugal


República Portuguesa: Ministério da Cultura
Biblioteca Nacional de Portugal

Catálogo da BNP: acesso por Identificadores Unívocos
Registos Bibliográficos associados ao registo de autoridade

Etiqueta de registo: 00551cas 022001931 04500
001 409927
003 http://id.bnportugal.gov.pt/bib/catbnp/409927
005 19981231000000.0
095 ## $aPTBN00438381
100 ## $a19930311c192 k y0pory0103 ba
101 0# $aeng
102 ## $aUS$aGB
200 1# $aAmerican art directory$fAmerican Federation of Arts
210 #9 $aNew York$aLondon$cR.R. Bowker Company,$d[192-]-
303 ## $aDescrição baseada em: v. 44 (1970)
606 ## $2SIPOR$316094
712 02 $aAmerican Federation of Arts$4650$3375702
801 #0 $aPT$bBN$gRPC
966 ## $lBN$mFGREV$sR.E. 9658 V.
998 ## $aFS136-55

Etiqueta de registo: 00545cam 2200205 450
001 1021928
003 http://id.bnportugal.gov.pt/bib/catbnp/1021928
005 20020902174200.0
100 ## $a20000512d1993 m y0pory0103 ba
101 0# $aeng
102 ## $aUS
106 ## $ar
200 1# $aAlone in a crowd
205 ## $a2ª ed. rev
210 #9 $aBoston$cThe American Federation of Arts,$d1993
215 ## $a58, [1] p.
675 ## $a76A/Z(=414/=45)(73)(083.81)$31046553
675 ## $a76(=414/=45)(73)"1930/1940"(083.81)$31046554
675 ## $a061.4$vBN$zpor$3288771
710 02 $aAmerican Federation of Arts$3375702
966 ## $lBN$mFGMON$sB.A. 20992 V.$x5
997 ## $aBIBEOD

Etiqueta de registo: 00000nas 2200025 450
001 1833891
003 http://id.bnportugal.gov.pt/bib/catbnp/1833891
100 ## $a20130314b19761976m y0pory01030103ba
101 0# $aeng
102 ## $aUST
106 ## $ar
110 ## $aauuzz 0uu0
200 1# $aNew american filmmakers$eselections from the Whitney Museum of American Art Film program$fAmerican Federation of Arts
207 #0 $a1976
210 #9 $aNew York$cThe American Federation of Arts,$d1976
215 ## $d28 cm
317 ## $aBiblioteca Jorge de Sena$5PTBN: J.S. 12480
620 ## $dNova Iorque
712 02 $aAmerican Federation of Arts$4650$3375702
801 #0 $aPT$bBN$gRPC
966 ## $lBN$mFGREV$pBiblioteca Jorge de Sena$sJ.S. 12480$x3

Etiqueta de registo: 00000nkm 2200025 450
001 2280642
003 http://id.bnportugal.gov.pt/bib/catbnp/2280642
100 ## $a20260316f19851995m y0pory01030103ba
101 0# $apor
102 ## $aPT
200 1# $aUm ciclo de cinema underground americano, Lisboa Palácio Foz 26-30 de março, Porto Museu Soares dos Reis 2-7 de abril$bVisual gráfico]$fEra Nova
210 #9 $a[S.l.]$cEra Nova,$d[entre 1985 e1994]
215 ## $a1 cartaz$ccolor.$d47,5x33,5 cm
306 ## $aDatação em conformidade com as características formais do documento
317 ## $aColeção Madeira Luís
710 02 $aEra Nova$31547927
712 02 $aAmerican Federation of Arts$3375702
801 #0 $aPT$bBN$gRPC
966 ## $lBN$mICONOG$sCT. 16738 V.$x3
971 ## $cCaticonografia6$d20260316
995 ## $aPRR2026

OpendataBNP@bnportugal.pt | Mais informação sobre acesso aos dados BNP